[Event "San Juan Semana U2200 2nd"]
[Site "San Juan"]
[Date "2018.11.03"]
[Round "3.2"]
[White "Diaz, Diego Patricio"]
[Black "Minvielle, Nehuen Alexis1111"]
[Result "1-0"]
[WhiteElo "2033"]
[BlackElo "1200"]
[PlyCount "117"]
[EventDate "2018.11.02"]
[EventType "swiss"]
[EventRounds "6"]
[EventCountry "ARG"]
[SourceTitle "EXT 2024"]
[Source "ChessBase"]
[SourceDate "2023.10.10"]
[SourceVersion "1"]
[SourceVersionDate "2023.10.10"]
[SourceQuality "1"]

1. Nf3 Nf6 2. g3 g6 3. Bg2 Bg7 4. 0-0 c5 5. d3 d5 6. Nbd2 0-0 7. e4 e6 8. c3 Nc6 9. Re1 Ng4 10. Qe2 Nge5 11. Nxe5 Nxe5 12. f4 Nc6 13. Nf3 b6 14. Kh1 Ba6 15. e5 Qd7 16. Be3 Rad8 17. Bf2 Ne7 18. Qd2 Qb5 19. Rad1 Rfe8 20. d4 c4 21. g4 Kf8 22. Bh4 Bh6 23. Bg5 Bxg5 24. fxg5 Kg7 25. Re2 Qd7 26. Qf4 Ng8 27. Rf1 Rf8 28. h4 Qe7 29. Bh3 Bb5 30. Rh2 Be8 31. h5 a5 32. Nh4 b5 33. Bg2 b4 34. Qf6+ Qxf6 35. exf6+ Kh8 36. hxg6 fxg6 37. Nf3 bxc3 38. bxc3 Rd7 39. Ne5 Rb7 40. f7 Bxf7 41. Nxg6+ Bxg6 42. Rxf8 Rf7 43. Rxf7 Bxf7 44. Bf3 Kg7 45. Rb2 Be8 46. Rb6 Kf7 47. Ra6 a4 48. Bd1 Ne7 49. Bxa4 Bxa4 50. Rxa4 Kg6 51. Ra6 Kxg5 52. Rxe6 Ng6 53. a4 Nf4 54. Re5+ Kxg4 55. a5 Ng6 56. Re8 h5 57. a6 h4 58. a7 h3 59. a8Q 1-0

[Event "ARG-chT"]
[Site "Villa Martelli"]
[Date "2015.08.29"]
[Round "1.2"]
[White "Villanueva, Mario Nicolas"]
[Black "Diaz, Diego Patricio"]
[Result "1-0"]
[WhiteElo "2420"]
[BlackElo "2063"]
[PlyCount "59"]
[EventDate "2015.08.29"]
[EventType "team-swiss"]
[EventRounds "9"]
[EventCountry "ARG"]
[SourceTitle "EXT 2017"]
[Source "ChessBase"]
[SourceDate "2016.10.25"]
[SourceVersion "1"]
[SourceVersionDate "2016.10.25"]
[SourceQuality "1"]
[WhiteTeam "Obras AySa"]
[BlackTeam "Tacticos y Estrategas"]
[WhiteTeamCountry "ARG"]
[BlackTeamCountry "ARG"]

1. e4 c5 2. Nf3 Nc6 3. d4 cxd4 4. Nxd4 Qc7 5. Nc3 e6 6. Be3 a6 7. f4 b5 8. Bd3 Bb7 9. Nb3 d6 10. 0-0 Nf6 11. a3 Be7 12. Qf3 0-0 13. Qh3 g6 14. f5 exf5 15. exf5 Na5 16. Be2 Nc4 17. Bd4 Ne5 18. Rf4 Kg7 19. Raf1 g5 20. Qg3 Kh8 21. R4f2 Rg8 22. Nc5 Bc6 23. Nd3 Nc4 24. Nb4 Ne5 25. Nxc6 Qxc6 26. Bf3 Nxf3+ 27. Qxf3 Qc4 28. Rd1 g4 29. Qe3 Rae8 30. Qh6 1-0

[Event "Villa Martelli op"]
[Site "Villa Martelli"]
[Date "2006.??.??"]
[Round "4"]
[White "Aguilar, Andres"]
[Black "Diaz, Diego Patricio"]
[Result "1-0"]
[WhiteElo "2275"]
[BlackElo "2070"]
[PlyCount "49"]
[EventDate "2006.07.??"]
[EventType "swiss"]
[EventRounds "9"]
[EventCountry "ARG"]
[SourceTitle "EXT 2008"]
[Source "ChessBase"]
[SourceDate "2007.11.25"]
[SourceVersion "1"]
[SourceVersionDate "2007.11.25"]
[SourceQuality "1"]

1. c4 Nf6 2. Nf3 e6 3. g3 d5 4. Bg2 Be7 5. 0-0 0-0 6. b3 c6 7. Bb2 Nbd7 8. Qc2 a6 9. d4 Bd6 10. Nbd2 c5 11. cxd5 exd5 12. dxc5 Nxc5 13. Ng5 g6 14. Qc3 Be7 15. e4 Ne6 16. Nxe6 Bxe6 17. exd5 Bxd5 18. Bxd5 Qxd5 19. Rfe1 Rac8 20. Nc4 Bd8 21. Rad1 Qc6 22. Qd4 h5 23. Nd6 Rb8 24. Ne4 Kg7 25. Rc1 1-0

[Event "Villa Ballester de Invierno op 4th"]
[Site "Villa Ballester"]
[Date "2004.08.16"]
[Round "3"]
[White "Chtcherbine, Andrei"]
[Black "Diaz, Diego Patricio"]
[Result "1-0"]
[WhiteElo "2202"]
[BlackElo "2077"]
[PlyCount "94"]
[EventDate "2004.08.13"]
[EventType "swiss"]
[EventRounds "7"]
[EventCountry "ARG"]
[SourceTitle "CBM 101 Extra"]
[Source "ChessBase"]
[SourceDate "2004.09.01"]
[SourceVersion "2"]
[SourceVersionDate "2004.09.01"]
[SourceQuality "1"]

1. Nf3 Nf6 2. c4 e6 3. e3 d5 4. b3 Be7 5. Bb2 0-0 6. Be2 c6 7. 0-0 Nbd7 8. d3 Bd6 9. cxd5 exd5 10. Nbd2 Qe7 11. a3 Re8 12. Ra2 b6 13. Qa1 Bb7 14. Re1 Rad8 15. Nf1 Ne5 16. Nd4 g6 17. Ng3 Neg4 18. Bxg4 Nxg4 19. Nf3 a5 20. h3 Ne5 21. Nxe5 Bxe5 22. Bxe5 Qxe5 23. Qxe5 Rxe5 24. d4 Re6 25. Ne2 Ra8 26. Rb2 Bc8 27. Rc1 Bd7 28. Nf4 Rd6 29. Nd3 f6 30. Kf1 Bf5 31. Ke2 Bxd3+ 32. Kxd3 b5 33. a4 b4 34. f3 Ra6 35. e4 f5 36. e5 Re6 37. f4 h5 38. g4 hxg4 39. hxg4 Ra7 40. Rg2 fxg4 41. Rh1 Rh7 42. Rxh7 Kxh7 43. Rxg4 Re8 44. Ke3 Rc8 45. Rg3 Rf8 46. Rg1 Kh6 47. Rc1 Rc8 1-0

[Event "Villa Ballester CAVB"]
[Site "Villa Ballester"]
[Date "2004.04.02"]
[Round "7"]
[White "Chtcherbine, Andrei"]
[Black "Diaz, Diego Patricio"]
[Result "1-0"]
[WhiteElo "2210"]
[BlackElo "2074"]
[PlyCount "125"]
[EventDate "2004.03.19"]
[EventType "tourn"]
[EventRounds "9"]
[EventCountry "ARG"]
[SourceTitle "CBM 099 Extra"]
[Source "ChessBase"]
[SourceDate "2004.05.04"]
[SourceVersion "1"]
[SourceVersionDate "2004.05.04"]
[SourceQuality "1"]

1. Nf3 f5 2. c4 Nf6 3. Nc3 g6 4. d4 Bg7 5. Bg5 0-0 6. e3 d6 7. Bxf6 Bxf6 8. Qd2 Nd7 9. Nd5 e5 10. Nxf6+ Qxf6 11. 0-0-0 c6 12. h4 h6 13. Ne1 Qe7 14. f4 e4 15. Nc2 Nf6 16. Be2 d5 17. Na3 a6 18. Qa5 Be6 19. c5 Qd8 20. Qe1 h5 21. Nb1 b5 22. cxb6 Qxb6 23. Nc3 Nd7 24. Na4 Qa7 25. Qc3 Rfc8 26. Nc5 Nxc5 27. dxc5 Qg7 28. Rd4 Rcb8 29. Kc2 Bc8 30. Qa5 Qe7 31. g3 Ra7 32. Ra4 Rbb7 33. Rd1 Rc7 34. Rdd4 Bb7 35. Qc3 Bc8 36. Ra5 Ra8 37. Rda4 Rca7 38. Qa3 Bb7 39. Rb4 Rd8 40. Qb3 Kh7 41. Qc3 Rda8 42. Rb6 Kg8 43. Qd4 Kf7 44. Qa4 Kg7 45. Kc3 Kf8 46. Qa3 Kf7 47. Kd2 Kg8 48. b4 Qg7 49. Qc3 Qe7 50. a4 Kf7 51. Qb2 Kg8 52. Qd4 Kf7 53. Kc3 Kg8 54. Qe5 Qf7 55. b5 Re8 56. Qd6 Qg7+ 57. Kb3 Qa1 58. Qxg6+ Kf8 59. Qxf5+ Kg8 60. Qg6+ Kf8 61. Kc2 Qa2+ 62. Kd1 Qa1+ 63. Kd2 1-0

[Event "Villa Ballester CAVB"]
[Site "Villa Ballester"]
[Date "2004.03.30"]
[Round "6"]
[White "Diaz, Diego Patricio"]
[Black "Montoro, Gustavo Ernesto"]
[Result "1-0"]
[WhiteElo "2074"]
[BlackElo "2083"]
[PlyCount "61"]
[EventDate "2004.03.19"]
[EventType "tourn"]
[EventRounds "9"]
[EventCountry "ARG"]
[SourceTitle "CBM 099 Extra"]
[Source "ChessBase"]
[SourceDate "2004.05.04"]
[SourceVersion "1"]
[SourceVersionDate "2004.05.04"]
[SourceQuality "1"]

1. e4 e6 2. d3 c5 3. Nf3 Nc6 4. g3 d5 5. Nbd2 Bd6 6. Bg2 Nge7 7. 0-0 0-0 8. Re1 Qc7 9. c3 Bd7 10. a3 a5 11. a4 Rae8 12. Qe2 f6 13. h4 Kh8 14. h5 Ng8 15. Nf1 Qd8 16. Qc2 Re7 17. Nh4 Qe8 18. Bf3 Ne5 19. Be2 dxe4 20. dxe4 c4 21. Bf4 Bc5 22. Be3 Qc8 23. Kh2 Be8 24. f4 Nd3 25. Bxd3 cxd3 26. Qxd3 Bxh5 27. Qb5 b6 28. b4 Be8 29. Qc4 g5 30. Ng2 gxf4 31. gxf4 1-0

[Event "Villa Ballester CAVB"]
[Site "Villa Ballester"]
[Date "2004.03.20"]
[Round "2"]
[White "Diaz, Diego Patricio"]
[Black "Brunetti, Fernando"]
[Result "1/2-1/2"]
[WhiteElo "2074"]
[BlackElo "1865"]
[PlyCount "81"]
[EventDate "2004.03.19"]
[EventType "tourn"]
[EventRounds "9"]
[EventCountry "ARG"]
[SourceTitle "CBM 099 Extra"]
[Source "ChessBase"]
[SourceDate "2004.05.04"]
[SourceVersion "1"]
[SourceVersionDate "2004.05.04"]
[SourceQuality "1"]

1. e4 c5 2. Nf3 e6 3. d4 cxd4 4. Nxd4 a6 5. Nc3 g6 6. g3 Bg7 7. Bg2 Ne7 8. 0-0 Nbc6 9. Nde2 0-0 10. a4 Qc7 11. Bf4 Ne5 12. Qd2 d6 13. b3 Rd8 14. Rad1 b6 15. h3 Bb7 16. Bh6 Bh8 17. f4 N5c6 18. f5 exf5 19. exf5 Ne5 20. Bxb7 Qxb7 21. Nd5 Nxd5 22. Qxd5 Qxd5 23. Rxd5 Rac8 24. c4 Rc5 25. Nf4 f6 26. Rfd1 Rxd5 27. Rxd5 gxf5 28. Ne6 Rd7 29. Nd4 Kf7 30. Nxf5 Ke6 31. g4 Ng6 32. Kf2 Ne7 33. Nxe7 Rxe7 34. Bf4 Rd7 35. Kf3 Bg7 36. h4 Bf8 37. h5 Rf7 38. Rf5 Rd7 39. Be3 Rb7 40. Bd4 Be7 41. Rd5 1/2-1/2

[Event "Villa Ballester op 54th"]
[Site "Villa Ballester"]
[Date "2004.01.08"]
[Round "1"]
[White "Fusco, Leonardo"]
[Black "Diaz, Diego Patricio"]
[Result "1/2-1/2"]
[WhiteElo "2273"]
[BlackElo "2080"]
[PlyCount "92"]
[EventDate "2004.01.07"]
[EventType "swiss"]
[EventRounds "9"]
[EventCountry "ARG"]
[SourceTitle "CBM 098 Extra"]
[Source "ChessBase"]
[SourceDate "2004.03.10"]
[SourceVersion "2"]
[SourceVersionDate "2004.03.10"]
[SourceQuality "1"]

1. c4 e6 2. Nf3 d5 3. d4 Nf6 4. Nc3 Be7 5. cxd5 exd5 6. Bg5 h6 7. Bh4 0-0 8. e3 b6 9. Rc1 Bb7 10. Bd3 Nbd7 11. 0-0 c5 12. Bb1 Ne4 13. Bxe7 Qxe7 14. dxc5 Nxc3 15. Rxc3 bxc5 16. Qd3 g6 17. Rfc1 Rac8 18. Qb5 d4 19. exd4 Bxf3 20. gxf3 Rb8 21. Qd3 cxd4 22. Qxd4 Rxb2 23. f4 Rfb8 24. Rc8+ Nf8 25. Rxb8 Rxb8 26. Bd3 Rd8 27. Qc4 Qe6 28. f5 Qxc4 29. Bxc4 gxf5 30. Rb1 Ne6 31. Rb7 a5 32. Ra7 Rc8 33. Bxe6 fxe6 34. Rxa5 Kg7 35. Ra7+ Kf6 36. a4 Rc1+ 37. Kg2 Ra1 38. a5 Ke5 39. Ra8 Kf4 40. a6 e5 41. a7 e4 42. h3 h5 43. h4 Ra2 44. Kg1 Ra1+ 45. Kg2 Ra2 46. Kg1 Ra1+ 1/2-1/2